| 000 | 00508cam a2200145Ki 4500 | ||
|---|---|---|---|
| 082 |
_a625.8 _bORG _cL-18, P-35 |
||
| 100 | 1 |
_aKoop, Delmo E. _943741 |
|
| 245 | 1 | 0 |
_aResistance of flexible payments to plastic deformation _bRoad research |
| 260 |
_aFrance. _bEconomic cor-operation and development _c1975. |
||
| 300 |
_a122 p. _bill. _c35 cm. |
||
| 500 | _aU.S. Federal Highway Administration, its R & D report no. P-0249. | ||
| 526 |
_a0 _b0 _c0 _d625_800000000000000_ORG |
||
| 650 |
_aMCE _9379 |
||
| 942 |
_2ddc _cBK |
||
| 999 |
_c547655 _d547655 |
||